000
00296nam a22001337a 4500
008
180820b xxu||||| |||| 00| 0 eng d
020
_a
9780071777513
041
_a
eng
080
_a
311
100
_a
55
101
_a
STA
245
_a
PROBALITY AND STATISTICS
_c
SPIEGEL.M.R
942
_2
udc
_c
BK
999
_c
47211
_d
47211